Name the members of Twice in age order - Statistics

General Stats
  • This quiz has been taken 151 times
  • The average score is 15 of 18
Answer Stats
Answer % Correct
Nayeon
100%
Sana
98%
Momo
97%
Jihyo
96%
Mina
96%
Tzuyu
96%
Chaeyoung
95%
Dahyun
95%
Jeongyeon
95%
Im Na Yeon
90%
Chou Tzuyu
79%
Parl Ji Hyo
76%
Kim Da Hyun
74%
Minatozaki Sana
74%
Hirai Momo
72%
Myoui Mina
70%
Son Chae Young
70%
Yoo Kyung Wan
16%
No matching quizzes found
Score Distribution
Percent of People with Each Score
Percentile by Number Answered
Your Score History
You have not taken this quiz